[Event "LTU-ch"]
[Site "Vilnius"]
[Date "2002.05.19"]
[Round "4"]
[White "Samulevicius, Tomas"]
[Black "Kveinys, Aloyzas"]
[Result "0-1"]
[WhiteElo "2286"]
[BlackElo "2559"]
[PlyCount "60"]
[EventDate "2002.05.17"]
[EventType "tourn"]
[EventRounds "11"]
[EventCountry "LTU"]
[EventCategory "9"]
[SourceTitle "CBM 090"]
[Source "ChessBase"]
[SourceDate "2002.09.20"]
[SourceVersion "1"]
[SourceVersionDate "2002.09.20"]
[SourceQuality "1"]

1. e4 c5 2. Nf3 e6 3. b3 d6 4. c4 Nc6 5. Bb2 e5 6. Nc3 f5 7. g3 Nf6 8. d3 g6 9. Bg2 Bg7 10. Qd2 0-0 11. 0-0-0 f4 12. Kb1 Bg4 13. gxf4 Bh6 14. Ng5 Nh5 15. f3 Bd7 16. Nh3 Qc8 17. Nf2 Nxf4 18. Nd5 Nxd5 19. Qxh6 Nf4 20. h4 Nd8 21. Qg5 Nde6 22. Qg3 Nh5 23. Qh2 Nef4 24. Bc1 b5 25. Bh3 a5 26. Bxd7 Qxd7 27. Nh3 a4 28. Nxf4 Nxf4 29. Rdg1 axb3 30. axb3 Qa7 0-1

[Event "LTU-ch"]
[Site "Vilnius"]
[Date "2002.05.18"]
[Round "2"]
[White "Samulevicius, Tomas"]
[Black "Rozentalis, Eduardas"]
[Result "0-1"]
[WhiteElo "2286"]
[BlackElo "2586"]
[PlyCount "79"]
[EventDate "2002.05.17"]
[EventType "tourn"]
[EventRounds "11"]
[EventCountry "LTU"]
[EventCategory "9"]
[SourceTitle "CBM 090"]
[Source "ChessBase"]
[SourceDate "2002.09.20"]
[SourceVersion "1"]
[SourceVersionDate "2002.09.20"]
[SourceQuality "1"]

1. e4 e6 2. d3 d5 3. Nd2 Nf6 4. Ngf3 b6 5. g3 dxe4 6. dxe4 Bb7 7. Bg2 Nxe4 8. Ne5 Nxf2 9. Qh5 g6 10. Qe2 Bxg2 11. Qxf2 Qd5 12. Qxf7+ Kd8 13. Qf6+ Kc8 14. Qxh8 Kb7 15. Nd3 Bxh1 16. Qxf8 Nc6 17. Qf1 Nd4 18. c4 Nc2+ 19. Kd1 Ne3+ 20. Ke2 Nxf1 21. cxd5 Nxh2 22. dxe6 Re8 23. Kf2 Ng4+ 24. Kg1 Bd5 25. Nf4 Bxe6 26. Nf3 Bf7 27. Bd2 h6 28. b3 g5 29. Nd3 Bh5 30. Rf1 Rd8 31. Nde1 Nf6 32. Bc3 Ne4 33. Be5 Rd5 34. Bg7 Nxg3 35. Rf2 Nf5 36. Bc3 Rd1 37. Nxg5 Nd6 38. Rh2 hxg5 39. Rxh5 Ne4 40. Bb4 0-1

[Event "LTU-ch"]
[Site "Vilnius"]
[Date "2000.04.01"]
[Round "8"]
[White "Samulevicius, Tomas"]
[Black "Jatautis, Donatas"]
[Result "1-0"]
[WhiteElo "2290"]
[BlackElo "2155"]
[PlyCount "79"]
[EventDate "2000.03.25"]
[EventType "swiss"]
[EventRounds "9"]
[EventCountry "LTU"]
[SourceTitle "CBM 075 Extra"]
[Source "ChessBase"]
[SourceDate "2000.05.11"]
[SourceVersion "2"]
[SourceVersionDate "2000.05.11"]
[SourceQuality "1"]

1. d4 Nf6 2. g3 c5 3. c3 cxd4 4. cxd4 g6 5. Bg2 d5 6. Nf3 Bg7 7. Ne5 0-0 8. 0-0 e6 9. Nc3 Nfd7 10. f4 Nc6 11. e3 Nb6 12. b3 Bd7 13. a4 a6 14. Ba3 Re8 15. e4 Nxe5 16. fxe5 Bc6 17. a5 Nc8 18. exd5 exd5 19. Qf3 Qd7 20. Ra2 Na7 21. Raf2 Nb5 22. Nxb5 Bxb5 23. Qxf7+ Qxf7 24. Rxf7 Bxf1 25. Bxd5 Kh8 26. Kxf1 Rad8 27. Bd6 Bf8 28. Bxf8 Rxf8 29. Rxf8+ Rxf8+ 30. Ke2 Rb8 31. Ke3 Kg7 32. Bc4 Kf8 33. d5 Ke7 34. Kd4 Rf8 35. Kc5 Rf5 36. Kb6 Rxe5 37. Kxb7 Kd6 38. Bxa6 Re7+ 39. Kb6 Kxd5 40. Bb7+ 1-0

[Event "LTU-ch"]
[Site "Vilnius"]
[Date "2000.03.27"]
[Round "3"]
[White "Samulevicius, Tomas"]
[Black "Petuchovskij, Edgar"]
[Result "1/2-1/2"]
[WhiteElo "2290"]
[BlackElo "2118"]
[PlyCount "62"]
[EventDate "2000.03.25"]
[EventType "swiss"]
[EventRounds "9"]
[EventCountry "LTU"]
[SourceTitle "CBM 075 Extra"]
[Source "ChessBase"]
[SourceDate "2000.05.11"]
[SourceVersion "2"]
[SourceVersionDate "2000.05.11"]
[SourceQuality "1"]

1. e4 d5 2. exd5 Nf6 3. d4 Nxd5 4. Nf3 g6 5. Be2 Bg7 6. 0-0 0-0 7. Re1 Bf5 8. c3 Nd7 9. Bg5 h6 10. Bh4 N5f6 11. Nbd2 g5 12. Bg3 Nh5 13. Nf1 Bg6 14. Bd3 Nxg3 15. Nxg3 Bxd3 16. Qxd3 e6 17. Nh5 c6 18. Re3 Nf6 19. Nxg7 Kxg7 20. Ne5 Qd5 21. Rae1 c5 22. dxc5 Qxc5 23. h4 Rad8 24. Qc2 Rd5 25. Qe2 Nd7 26. hxg5 hxg5 27. Nxd7 Rxd7 28. Rh3 Rh8 29. Rxh8 Kxh8 30. Rd1 Rxd1+ 31. Qxd1 Kg7 1/2-1/2

[Event "LTU-ch U20"]
[Site "Vilnius"]
[Date "2000.03.02"]
[Round "?"]
[White "Samulevicius, Tomas"]
[Black "Bastys, Robertas"]
[Result "1-0"]
[WhiteElo "2290"]
[BlackElo "2236"]
[PlyCount "83"]
[EventDate "2000.02.??"]
[EventType "tourn"]
[EventRounds "9"]
[EventCountry "LTU"]
[SourceTitle "EXT 2005"]
[Source "ChessBase"]
[SourceDate "2004.11.15"]
[SourceVersion "1"]
[SourceVersionDate "2004.11.15"]
[SourceQuality "1"]

1. e4 c5 2. Nf3 d6 3. Bc4 e6 4. Qe2 Nf6 5. c3 Be7 6. d3 0-0 7. Nbd2 a6 8. a3 b5 9. Ba2 Bb7 10. 0-0 Nbd7 11. Rd1 Qc7 12. Nf1 Rac8 13. Ng3 Rfd8 14. Bf4 Nf8 15. e5 dxe5 16. Bxe5 Qc6 17. d4 Ng6 18. Bb1 cxd4 19. Bxf6 Bxf6 20. Be4 Qb6 21. Bxb7 Qxb7 22. cxd4 Qb6 23. Qe3 Rc4 24. Ne2 Nh4 25. Nxh4 Bxh4 26. Rac1 Rxc1 27. Nxc1 Bf6 28. Nb3 h6 29. g3 a5 30. Nc5 Rd5 31. b4 a4 32. Rd2 Rd8 33. d5 Rxd5 34. Rxd5 exd5 35. Qe8+ Kh7 36. Nd7 Qd8 37. Qxf7 d4 38. Nxf6+ Qxf6 39. Qxf6 gxf6 40. Kf1 Kg6 41. Ke2 Kf5 42. Kd3 1-0

[Event "LTU-ch U20"]
[Site "Vilnius"]
[Date "2000.03.01"]
[Round "?"]
[White "Asauskas, Henrikas"]
[Black "Samulevicius, Tomas"]
[Result "0-1"]
[WhiteElo "2263"]
[BlackElo "2290"]
[PlyCount "66"]
[EventDate "2000.02.??"]
[EventType "tourn"]
[EventRounds "9"]
[EventCountry "LTU"]
[SourceTitle "EXT 2005"]
[Source "ChessBase"]
[SourceDate "2004.11.15"]
[SourceVersion "1"]
[SourceVersionDate "2004.11.15"]
[SourceQuality "1"]

1. e4 d5 2. exd5 Nf6 3. d4 Nxd5 4. Nf3 g6 5. c4 Nb6 6. h3 Bg7 7. Nc3 0-0 8. Be3 Nc6 9. Qd2 e5 10. d5 Na5 11. b3 e4 12. Nd4 c5 13. Nc2 Nd7 14. Nxe4 Bxa1 15. Nxa1 b6 16. Bd3 f5 17. Nc3 Ne5 18. Be2 Nb7 19. Bg5 Qd7 20. Nc2 Nd6 21. f4 Nef7 22. Bf6 Ne8 23. Be5 Qe7 24. d6 Nexd6 25. Nd5 Qh4+ 26. g3 Qxg3+ 27. Kd1 Nxe5 28. Ne7+ Kg7 29. Qxd6 Qxf4 30. Rf1 Qe4 31. Nd5 f4 32. Nc3 Qf5 33. Ne3 Qd7 0-1

[Event "LTU-ch U20"]
[Site "Vilnius"]
[Date "2000.02.26"]
[Round "?"]
[White "Samulevicius, Tomas"]
[Black "Streikus, Simonas"]
[Result "1/2-1/2"]
[WhiteElo "2290"]
[BlackElo "2212"]
[PlyCount "32"]
[EventDate "2000.02.??"]
[EventType "tourn"]
[EventRounds "9"]
[EventCountry "LTU"]
[SourceTitle "EXT 2005"]
[Source "ChessBase"]
[SourceDate "2004.11.15"]
[SourceVersion "1"]
[SourceVersionDate "2004.11.15"]
[SourceQuality "1"]

1. Nf3 Nf6 2. g3 d5 3. Bg2 Nbd7 4. d4 e6 5. 0-0 Bd6 6. c4 c6 7. Nbd2 0-0 8. Qc2 Re8 9. Rd1 Qe7 10. e4 dxe4 11. Nxe4 Nxe4 12. Qxe4 e5 13. dxe5 Nxe5 14. Nxe5 Bxe5 15. Bf4 Bg4 16. Re1 Bf6 1/2-1/2

[Event "LTU-chT"]
[Site "Vilnius"]
[Date "2000.??.??"]
[Round "4"]
[White "Rutkauskas, Gediminas"]
[Black "Samulevicius, Tomas"]
[Result "0-1"]
[WhiteElo "2081"]
[BlackElo "2290"]
[PlyCount "82"]
[EventDate "2000.??.??"]
[EventType "team"]
[EventRounds "7"]
[EventCountry "LTU"]
[SourceTitle "EXT 2005"]
[Source "ChessBase"]
[SourceDate "2004.11.15"]
[SourceVersion "1"]
[SourceVersionDate "2004.11.15"]
[SourceQuality "1"]

1. d4 Nf6 2. Nf3 b6 3. c4 e6 4. Nc3 Bb4 5. Bd2 Bb7 6. e3 0-0 7. Be2 d6 8. 0-0 Bxc3 9. Bxc3 Ne4 10. Rc1 Nd7 11. Nd2 Nxd2 12. Qxd2 f5 13. f3 Rf6 14. Bd3 Rh6 15. Qf2 Qg5 16. e4 f4 17. Rfd1 Rf8 18. b4 Bc8 19. Bb1 e5 20. dxe5 dxe5 21. c5 Rff6 22. a4 bxc5 23. Ba2+ Kh8 24. bxc5 Qh5 25. h4 Qe8 26. Ba5 c6 27. Bc7 Rfg6 28. Rd6 Qe7 29. Rxg6 hxg6 30. Bd6 Qf6 31. Bc4 Rxh4 32. Be6 g5 33. Bf5 Qh6 34. Bh3 Nf6 35. Bxe5 Bxh3 36. Qb2 Be6 37. Kf2 Rh2 38. Rg1 Kh7 39. Ke1 Qh4+ 40. Kd1 Rh1 41. Bd4 Qh2 0-1

[Event "Marijampole op-A"]
[Site "Marijampole"]
[Date "2000.??.??"]
[Round "?"]
[White "Samulevicius, Tomas"]
[Black "Abromaitis, Marius"]
[Result "1-0"]
[WhiteElo "2290"]
[BlackElo "2078"]
[PlyCount "57"]
[EventDate "2000.??.??"]
[EventType "swiss"]
[EventRounds "9"]
[EventCountry "LTU"]
[SourceTitle "EXT 2001"]
[Source "ChessBase"]
[SourceDate "2000.11.22"]
[SourceVersion "1"]
[SourceVersionDate "2000.11.22"]
[SourceQuality "1"]

1. e4 d6 2. d4 Nf6 3. Nc3 a6 4. g3 b5 5. Bg2 Bb7 6. a3 Nbd7 7. Nge2 c5 8. 0-0 h5 9. d5 g6 10. h3 Bg7 11. f4 Bh6 12. Be3 Qc7 13. Qd2 Nb6 14. b3 Rd8 15. Rad1 Rh7 16. Qe1 e5 17. Qf2 Qe7 18. b4 Nc4 19. bxc5 Nxe3 20. cxd6 Rxd6 21. Qxe3 exf4 22. gxf4 Nxd5 23. Nxd5 Rxd5 24. e5 Rd7 25. Nc3 Bxg2 26. Kxg2 Rxd1 27. Rxd1 Qb7+ 28. Nd5 Bf8 29. Qe4 1-0

[Event "Marijampole op-A"]
[Site "Marijampole"]
[Date "2000.??.??"]
[Round "?"]
[White "Samulevicius, Tomas"]
[Black "Batyte, Daiva"]
[Result "1-0"]
[WhiteElo "2290"]
[BlackElo "2133"]
[PlyCount "71"]
[EventDate "2000.??.??"]
[EventType "swiss"]
[EventRounds "9"]
[EventCountry "LTU"]
[SourceTitle "EXT 2001"]
[Source "ChessBase"]
[SourceDate "2000.11.22"]
[SourceVersion "1"]
[SourceVersionDate "2000.11.22"]
[SourceQuality "1"]

1. d4 e6 2. g3 c5 3. Nf3 cxd4 4. Nxd4 Nc6 5. Bg2 Nf6 6. c4 Bb4+ 7. Nc3 d5 8. 0-0 0-0 9. cxd5 Nxd4 10. Qxd4 Bxc3 11. bxc3 Nxd5 12. Rd1 Qc7 13. c4 Nb6 14. Ba3 Re8 15. Rac1 f6 16. Bd6 Qf7 17. f4 Nd7 18. c5 Nb8 19. Bxb8 Rxb8 20. Qd6 Ra8 21. c6 bxc6 22. Bxc6 Bb7 23. Bxe8 Qxe8 24. Qd7 Bd5 25. Qxe8+ Rxe8 26. Rc7 a6 27. Ra7 Rc8 28. Rd2 h6 29. Rxa6 Rc1+ 30. Kf2 Rh1 31. h4 Rh2+ 32. Ke3 Rg2 33. Kd4 Rxg3 34. e4 Bb7 35. Rb6 Bc8 36. Rb8 1-0

[Event "LTU-chT"]
[Site "Vilnius"]
[Date "2000.??.??"]
[Round "6"]
[White "Slapikas, Vytautas"]
[Black "Samulevicius, Tomas"]
[Result "1/2-1/2"]
[WhiteElo "2423"]
[BlackElo "2290"]
[PlyCount "50"]
[EventDate "2000.??.??"]
[EventType "team"]
[EventRounds "7"]
[EventCountry "LTU"]
[SourceTitle "EXT 2005"]
[Source "ChessBase"]
[SourceDate "2004.11.15"]
[SourceVersion "1"]
[SourceVersionDate "2004.11.15"]
[SourceQuality "1"]

1. e4 d5 2. Nc3 Nf6 3. exd5 Nxd5 4. Bc4 c6 5. Qf3 Be6 6. Ne4 Nc7 7. Bxe6 Nxe6 8. c3 c5 9. Qe3 Qd5 10. Nf3 Nc6 11. 0-0 Rd8 12. Rd1 Qd3 13. Ne1 Qd5 14. d3 g6 15. Nf3 b6 16. b4 Bg7 17. bxc5 Nxc5 18. Nxc5 Qxc5 19. d4 Qd5 20. Qe2 0-0 21. c4 Qh5 22. Bb2 e6 23. Qe4 Na5 24. Rac1 Rc8 25. Ba3 Rfe8 1/2-1/2

[Event "Berlin-Vilnius"]
[Site "Berlin"]
[Date "1999.06.22"]
[Round "2.6"]
[White "Samulevicius, Tomas"]
[Black "Lueders, Gerhard"]
[Result "1-0"]
[WhiteElo "2275"]
[BlackElo "2261"]
[PlyCount "51"]
[EventDate "1999.06.21"]
[EventType "team"]
[EventRounds "2"]
[EventCountry "GER"]
[SourceTitle "EXT 2004"]
[Source "ChessBase"]
[SourceDate "2003.11.25"]
[SourceVersion "1"]
[SourceVersionDate "2003.11.25"]
[SourceQuality "1"]
[WhiteTeam "Lithuania"]
[BlackTeam "Germany"]
[WhiteTeamCountry "LTU"]
[BlackTeamCountry "GER"]

1. e4 c6 2. Nf3 d5 3. Nc3 dxe4 4. Nxe4 Bf5 5. Ng3 Bg4 6. h3 Bxf3 7. Qxf3 e6 8. Bc4 Nd7 9. Qe2 Ngf6 10. c3 Qc7 11. d4 Be7 12. 0-0 0-0 13. Re1 c5 14. dxc5 Bxc5 15. Ne4 Bb6 16. Bd3 Kh8 17. Nxf6 gxf6 18. Qf3 Rg8 19. Bf4 Ne5 20. Qh5 Rg7 21. Rxe5 Qd8 22. Bh6 Rg3 23. Qxf7 f5 24. Rxe6 Qh4 25. Re8+ Rg8 26. Qxg8# 1-0

[Event "EU-ch U18"]
[Site "Tallinn"]
[Date "1997.??.??"]
[Round "3"]
[White "Kosyrev, Vladimir"]
[Black "Samulevicius, Tomas"]
[Result "1-0"]
[WhiteElo "2425"]
[BlackElo "2215"]
[PlyCount "111"]
[EventDate "1997.??.??"]
[EventType "swiss"]
[EventRounds "9"]
[EventCountry "EST"]
[SourceTitle "EXT 1998"]
[Source "ChessBase"]
[SourceDate "1997.11.17"]
[SourceVersion "1"]
[SourceVersionDate "1997.11.17"]
[SourceQuality "1"]

1. d4 Nf6 2. c4 e6 3. Nf3 b6 4. e3 Bb7 5. Bd3 d5 6. 0-0 Bd6 7. Nc3 0-0 8. Qe2 Nbd7 9. e4 dxe4 10. Nxe4 Nxe4 11. Bxe4 Bxe4 12. Qxe4 Nf6 13. Qh4 Be7 14. b3 c6 15. Bb2 a5 16. Rad1 a4 17. Ne5 Nd7 18. Qe4 Nxe5 19. dxe5 Qc8 20. Rd3 axb3 21. axb3 Rd8 22. Rh3 h6 23. Qg4 Kh7 24. Qh5 Rd7 25. Bc1 Bf8 26. Qg4 Qd8 27. Bg5 Rd4 28. Bxd8 Rxg4 29. Bxb6 Re4 30. Re3 Rxe3 31. Bxe3 Ra3 32. Rb1 Bb4 33. Kf1 Ra2 34. Rd1 Rb2 35. Rd3 c5 36. g4 Kg6 37. Kg2 h5 38. Kf3 hxg4+ 39. Kxg4 f6 40. Kf4 Rb1 41. Ke4 Rb2 42. h4 Rb1 43. exf6 gxf6 44. Rd6 Kf7 45. Rd7+ Kg6 46. Re7 Rxb3 47. Rxe6 Rc3 48. h5+ Kf7 49. Kf5 Rxc4 50. Rxf6+ Kg7 51. Rc6 Rh4 52. Rc7+ Kg8 53. Kg6 Rg4+ 54. Bg5 c4 55. Rc8+ Bf8 56. h6 1-0

[Event "DEN-ch int U18"]
[Site "Tingkaerskolen"]
[Date "1997.??.??"]
[Round "5"]
[White "Samulevicius, Tomas"]
[Black "Carstensen, Jacob"]
[Result "1-0"]
[WhiteElo "2195"]
[BlackElo "2180"]
[PlyCount "87"]
[EventDate "1997.??.??"]
[EventType "swiss"]
[EventRounds "9"]
[EventCountry "DEN"]
[SourceTitle "EXT 1998"]
[Source "ChessBase"]
[SourceDate "1997.11.17"]
[SourceVersion "1"]
[SourceVersionDate "1997.11.17"]
[SourceQuality "1"]

1. e4 c5 2. Nf3 d6 3. Nc3 Nf6 4. g3 Nc6 5. Bg2 e6 6. d4 cxd4 7. Nxd4 e5 8. Nxc6 bxc6 9. 0-0 Bg4 10. Qd3 Qd7 11. f4 Bh3 12. Be3 h5 13. fxe5 Bxg2 14. Kxg2 dxe5 15. Rad1 Qe6 16. Bg5 Nd7 17. h3 Bc5 18. Na4 f6 19. Qxd7+ Qxd7 20. Rxd7 Kxd7 21. Nxc5+ Kd6 22. Be3 Ke7 23. Kf2 Rhb8 24. b3 Rd8 25. Ke2 g6 26. Rd1 Rxd1 27. Kxd1 g5 28. c4 g4 29. h4 Kd6 30. Nd3 Kc7 31. b4 Rd8 32. Kc2 Kb8 33. b5 cxb5 34. cxb5 Rf8 35. a4 f5 36. Nxe5 Re8 37. Nc6+ Kb7 38. e5 a6 39. Kc3 axb5 40. axb5 Ra8 41. e6 Ra3+ 42. Kd4 Ra4+ 43. Kd5 Re4 44. e7 1-0

[Event "DEN-ch int U18"]
[Site "Tingkaerskolen"]
[Date "1997.??.??"]
[Round "4"]
[White "Van Delft, Merijn"]
[Black "Samulevicius, Tomas"]
[Result "1-0"]
[WhiteElo "2230"]
[BlackElo "2195"]
[PlyCount "81"]
[EventDate "1997.??.??"]
[EventType "swiss"]
[EventRounds "9"]
[EventCountry "DEN"]
[SourceTitle "EXT 1998"]
[Source "ChessBase"]
[SourceDate "1997.11.17"]
[SourceVersion "1"]
[SourceVersionDate "1997.11.17"]
[SourceQuality "1"]

1. e4 d5 2. exd5 Nf6 3. d4 Nxd5 4. Nf3 g6 5. Bc4 Bg7 6. 0-0 0-0 7. h3 Nc6 8. c3 Nb6 9. Bb3 e5 10. Bg5 Qd6 11. Nbd2 Bf5 12. dxe5 Nxe5 13. Nxe5 Qxe5 14. Nf3 Qc5 15. Re1 Rfe8 16. Be3 Qc6 17. Bd4 Rxe1+ 18. Qxe1 Re8 19. Qf1 Bxh3 20. Bxg7 Kxg7 21. Nd4 Bxg2 22. Qxg2 Qf6 23. Rd1 Re5 24. Qf3 c5 25. Qxf6+ Kxf6 26. Nf3 Re7 27. Nd2 Kf5 28. Nc4 Nxc4 29. Bxc4 Kf4 30. Kg2 f5 31. Rd3 Rc7 32. Rd6 Ke5 33. Re6+ Kf4 34. a4 Rd7 35. a5 Rc7 36. a6 b6 37. Re8 g5 38. Rb8 Rd7 39. Rb7 Rd2 40. Rxa7 Rxb2 41. Rxh7 1-0

[Event "LTU-ch"]
[Site "Vilnius"]
[Date "1996.??.??"]
[Round "1"]
[White "Samulevicius, Tomas"]
[Black "Linauskas, Dainius"]
[Result "1-0"]
[WhiteElo "2055"]
[BlackElo "2310"]
[PlyCount "97"]
[EventDate "1996.??.??"]
[EventType "swiss"]
[EventRounds "9"]
[EventCountry "LTU"]
[SourceTitle "CBM 053 Extra"]
[Source "ChessBase"]
[SourceDate "1996.09.01"]
[SourceVersion "1"]
[SourceVersionDate "1996.09.01"]
[SourceQuality "1"]

1. e4 c5 2. g3 d5 3. exd5 Qxd5 4. Nf3 Bg4 5. Bg2 Qe6+ 6. Kf1 Nf6 7. h3 Bh5 8. g4 Bg6 9. Nc3 Nc6 10. d3 Rd8 11. Bf4 h6 12. Nb5 Nd5 13. c4 Qf6 14. Bg3 Ndb4 15. Nc7+ Kd7 16. Nd5 Qxb2 17. Nxb4 cxb4 18. Rb1 Qa3 19. Rb3 Qxa2 20. Ne5+ Nxe5 21. Bxe5 f6 22. Bg3 e5 23. Bxb7 Bc5 24. Rh2 Qa4 25. f4 exf4 26. Bxf4 Bd4 27. Qb1 Qa1 28. Qxa1 Bxa1 29. Ra2 Bd4 30. Rxb4 Bxd3+ 31. Kg2 Ke7 32. Bd5 g5 33. Bg3 Bc5 34. Rb3 Bg6 35. Re2+ Kf8 36. Re6 Be7 37. Rb7 Rh7 38. Rxa7 Bf7 39. Raxe7 Bxe6 40. Rxe6 Kg7 41. Re7+ Kh8 42. Rxh7+ Kxh7 43. Be4+ Kg7 44. c5 Rd4 45. Kf3 Rc4 46. c6 Rc3+ 47. Kf2 Kf7 48. c7 Ke7 49. Bf5 1-0

[Event "LTU-ch"]
[Site "Vilnius"]
[Date "1996.??.??"]
[Round "4"]
[White "Uogele, Anicetas B"]
[Black "Samulevicius, Tomas"]
[Result "0-1"]
[WhiteElo "2260"]
[BlackElo "2055"]
[PlyCount "106"]
[EventDate "1996.??.??"]
[EventType "swiss"]
[EventRounds "9"]
[EventCountry "LTU"]
[SourceTitle "CBM 053 Extra"]
[Source "ChessBase"]
[SourceDate "1996.09.01"]
[SourceVersion "1"]
[SourceVersionDate "1996.09.01"]
[SourceQuality "1"]

1. c4 Nf6 2. g3 e5 3. Bg2 d5 4. cxd5 Nxd5 5. Nf3 Nc6 6. 0-0 Be7 7. d4 exd4 8. Nxd4 Nxd4 9. Qxd4 Nf6 10. Qa4+ c6 11. Rd1 Qb6 12. Be3 Bc5 13. Bxc5 Qxc5 14. Nc3 0-0 15. Rac1 Qb6 16. b3 Be6 17. Qh4 Rad8 18. Ne4 Nxe4 19. Bxe4 h6 20. Bb1 Qa5 21. Qe4 g6 22. Qe3 Kg7 23. Rd4 Qb6 24. Rcd1 Rxd4 25. Qxd4+ Qxd4 26. Rxd4 Kf6 27. f4 c5 28. Rd2 Rc8 29. Bd3 c4 30. bxc4 Bxc4 31. Rc2 Be6 32. Rb2 b6 33. Kf2 Rc3 34. Bb1 Ke7 35. Rd2 b5 36. h4 h5 37. e4 a5 38. e5 b4 39. Be4 Ra3 40. Bb1 a4 41. Kg2 Rc3 42. Rd4 b3 43. axb3 Rxb3 44. Be4 Rb2+ 45. Kf3 a3 46. Ra4 a2 47. Ra7+ Kf8 48. f5 gxf5 49. Bd3 Kg7 50. Kf4 Rb1 51. Rxa2 Rb4+ 52. Kg5 Bxa2 53. Be2 Re4 0-1

[Event "LTU-ch sf"]
[Site "Vilnius"]
[Date "1995.07.31"]
[Round "2"]
[White "Sutkevicius, Juozas"]
[Black "Samulevicius, Tomas"]
[Result "1-0"]
[WhiteElo "2095"]
[BlackElo "2095"]
[PlyCount "22"]
[EventDate "1995.07.??"]
[EventType "swiss"]
[EventRounds "9"]
[EventCountry "LTU"]
[SourceTitle "EXT 2005"]
[Source "ChessBase"]
[SourceDate "2004.11.15"]
[SourceVersion "1"]
[SourceVersionDate "2004.11.15"]
[SourceQuality "1"]

1. d4 Nf6 2. c4 e6 3. Nc3 Bb4 4. Qc2 d6 5. e4 Bxc3+ 6. bxc3 e5 7. Bd2 Nbd7 8. Bd3 b6 9. Ne2 Bb7 10. 0-0 Qe7 11. f4 0-0-0 1-0

[Event "Wch U16"]
[Site "Guarapuava"]
[Date "1995.??.??"]
[Round "11"]
[White "Pihlajasalo, Antti"]
[Black "Samulevicius, Tomas"]
[Result "1/2-1/2"]
[WhiteElo "2200"]
[BlackElo "2095"]
[PlyCount "22"]
[EventDate "1995.??.??"]
[EventType "swiss"]
[EventRounds "11"]
[EventCountry "BRA"]
[SourceTitle "Juniors"]
[Source "ChessBase"]
[SourceDate "1999.07.01"]
[SourceVersion "1"]
[SourceVersionDate "1999.07.01"]
[SourceQuality "1"]

1. c4 Nf6 2. Nc3 e6 3. Nf3 Bb4 4. Qc2 d6 5. a3 Bxc3 6. Qxc3 0-0 7. g3 b6 8. Bg2 Bb7 9. 0-0 Nbd7 10. d3 c5 11. Rd1 Qc7 1/2-1/2